000 00519ntaaa2200181 4500
003 01
005 20251027202436.0
008 0714s1973 ag 01
040 _aAR-BaBN
_bspa
_cAR-BaBN
_eaacr
_dRIC
082 _a266.0000 C36
100 _aChaplin, R. Landells
_923294
245 _aSembrando por muchas aguas
250 _a1 ed. :
_bAcción Bíblica,
_cc1942
300 _a170 p.
500 _aIncluye Africa del Sud, Argentina, Uruguay, Brasil, Paraguay, Chile, Francia y Suiza.
650 _aMisiones
942 _cBK
999 _c19396
_d19396